Sports Quiz

Random Sports or Soccer Quiz

Premier League Appearances (Arsenal) Quiz Stats

 Plays Quiz Updated Jun 4, 2019

Score 0/32 Timer 10:00
42 Plays Today
Appearances Player % Correct
258Thierry Henry
96.8%
315Dennis Bergkamp
87.7%
325David Seaman
85.6%
255Tony Adams
84.3%
279Patrick Vieira
84.1%
189Robert Pires
81.8%
212Cesc Fàbregas
79.5%
194Robin van Persie
77.9%
156Ashley Cole
75.7%
270Theo Walcott
74.6%
191Ian Wright
72.5%
166Mesut Özil
72%
148Jens Lehmann
71.7%
310Martin Keown
69.8%
216Fredrik Ljungberg
69.3%
255Laurent Koscielny
69.1%
Appearances Player % Correct
305Lee Dixon
69%
333Ray Parlour
66.7%
270Nigel Winterburn
61.4%
262Aaron Ramsey
60.4%
225Kolo Toure
59.7%
170Gilberto Silva
58.3%
213Bacary Sagna
58.2%
159Etame-Mayer Lauren
57.9%
156Per Mertesacker
56.7%
187Gael Clichy
56.5%
180Olivier Giroud
50.3%
175Steve Bould
49.9%
170Tomáš Rosický
44.8%
184Nacho Monreal
41.4%
160Paul Merson
40.2%
168Mathieu Flamini
35.4%

You're not logged in!

Compare scores with friends on all Sporcle quizzes.
OR
Log In

Sporcle TV

Today on Sporcle TV


Watch our educational content, quiz creation guides, and fun videos on Sporcle TV.

Show Comments

Extras

Top Quizzes Today


Score Distribution

Your Account Isn't Verified!

In order to create a playlist on Sporcle, you need to verify the email address you used during registration. Go to your Sporcle Settings to finish the process.

Report this User

Report this user for behavior that violates our Community Guidelines.

Details: